000 00543nam a2200157 i 4500
001 100586
003 ES-MaACL
005 20230906182712.0
007 t|
008 050929s1959 sp ||||1| spa d
100 1 _aMaspons García, Angel.
_978773
245 1 0 _aPatrones de yate
_b: contestaciones al programa para exámenes de patrones de embarcaciones de recreo /
_cAngel Maspons García.
260 _aMadrid :
_bDossat,
_c1959.
300 _a147 p., lám. pleg. neg. col. I-IV :
_bil. ;
_c21 cm.
852 _aES-MaACL
_jC-16637
_bR.44991
999 _c100586
_d100586